| 000 | 00569nam a2200193Ia 4500 | ||
|---|---|---|---|
| 005 | 20250507130310.0 | ||
| 008 | 008 250505s9999 xx 000 0 eng d | ||
| 037 | _aSeries Article | ||
| 040 |
_aEASL _beng _cEASL |
||
| 041 |
_aeng _2eng |
||
| 084 | _qEASL | ||
| 100 | _aJodhka Surinder S. | ||
| 245 | 0 | _aCast[e] on the hill : 'Divine' power, social cohesion and hierarchy in himachal pardesh | |
| 260 |
_aIndia _bMumbai EPW Research Foundation _c2015 |
||
| 300 | _a59-68 Pp. | ||
| 650 | _aEconomics | ||
| 942 | _cSRA | ||
| 999 |
_c1318848 _d1318848 |
||